000 01272cam a22003617a 4500
003 CHAP
005 20220329142316.0
008 000606d1998 mx r 00110 spa d
010 _a81408
011 _a82380
035 _a92872
040 _cCHAP
090 _aTesis
100 0 0 _aEspinoza Arellano, José de Jesús.
_938028
245 1 0 _aMéxico-U.S.-Caribbean nations melon trade :
_ba simulation analysis of economic forces and government policies
_cby José de Jesús Espinoza Arellano
260 _aSaltillo, Coah. :
_bEl autor,
_c1998.
300 _a188 h.
502 _aTesis (Doctor of Philosophy) -- Universidad Autónoma Agraria Antonio Narro
590 _aALEPH
_b10
_c20130110
_lUCH01
_h1436
590 _aBATCH-UPD
_b10
_c20130110
_lUCH01
_h1210
590 _aBATCH-UPD
_b10
_c20130410
_lUCH01
_h0749
590 _aBATCH-UPD
_b10
_c20130914
_lUCH01
_h1559
590 _aCONVERSION
_b10
_c20130109
_lUCH01
_h1345
650 1 4 _aMelón
_xExportación.
_974454
650 1 4 _aMelón
_xImportación.
_974463
650 1 4 _aMelón
_xMercadeo.
_974467
650 1 4 _aMelón
_xMéxico.
_974470
650 1 4 _aMelón
_xRendimiento.
_974477
901 _aBK
905 _aAlejandra Carrasco M.
942 _cTESIS
949 _bBC
_cTES
_d33724000783015
_eTS1
_h36491
_i92872
_sb
999 _c81408
_d81408